=LDR 00000nam 2200000 4500 =001 INLIS000000000004112 =005 20250626105914 =035 ##$$a 0010-0625000317 =007 ta =008 250626################f##########0#ind## =082 ##$$a 304.66 =084 ##$$a 304.66 BAD p =245 1#$$a Pedoman Pembinaan Intensip Program Pelayanan KB Terpadu /$c BADAN KOORDINASI KELUARGA BERENCANA NASIONAL =260 ##$$a Jakarta :$b Badan Koordinasi Keluarga Berencana Nasional,$c 1986 =300 ##$$a 74 hlm. =650 #4$$a Program Pelayanan KB =110 2#$$a BADAN KOORDINASI KELUARGA BERENCANA NASIONAL =856 ##$$a Perpustakaan Kemendukbangga